[Event "ST-2013-0-00114"]
[Site "LSS email"]
[Date "2013.11.13"]
[Round "?"]
[White "Ralls, Richard Nelson"]
[Black "Monacell, James P"]
[Result "1/2-1/2"]
[WhiteElo "2341"]
[BlackElo "2407"]
[PlyCount "72"]
[EventDate "2013.08.23"]
[EventType "tourn (corr)"]
[EventRounds "6"]
[EventCountry "GER"]
[SourceTitle "Corr 2015"]
[Source "ChessBase"]
[SourceDate "2015.07.17"]
[SourceVersion "1"]
[SourceVersionDate "2015.07.17"]
[SourceQuality "1"]

1. d4 d5 2. c4 e6 3. Nc3 c5 4. cxd5 exd5 5. Nf3 Nc6 6. dxc5 d4 7. Na4 Bxc5 8. Nxc5 Qa5+ 9. Qd2 Qxc5 10. e3 dxe3 11. Qxe3+ Qxe3+ 12. Bxe3 Be6 13. Bb5 Nge7 14. Nd4 Bd5 15. 0-0 0-0 16. Rfd1 Rfd8 17. Nxc6 Bxc6 18. Bf1 a6 19. Bb6 Re8 20. Bc4 Rac8 21. b3 h5 22. a4 Ng6 23. f3 Ne5 24. Bf1 g5 25. b4 Re6 26. Bf2 Ra8 27. b5 axb5 28. axb5 Rxa1 29. Rxa1 Bd5 30. Rd1 Bc4 31. Bxc4 Nxc4 32. h4 gxh4 33. Rd4 Ne5 34. Rxh4 Rd6 35. Rxh5 Rd5 36. Rf5 Rxb5 1/2-1/2

[Event "ST-2013-0-00111"]
[Site "LSS email"]
[Date "2013.09.25"]
[Round "?"]
[White "Kovacs, Arthur"]
[Black "Monacell, James P"]
[Result "1/2-1/2"]
[WhiteElo "2444"]
[BlackElo "2407"]
[PlyCount "46"]
[EventDate "2013.05.22"]
[EventType "tourn (corr)"]
[EventRounds "6"]
[EventCountry "GER"]
[SourceTitle "Corr 2015"]
[Source "ChessBase"]
[SourceDate "2015.07.17"]
[SourceVersion "1"]
[SourceVersionDate "2015.07.17"]
[SourceQuality "1"]

1. d4 Nf6 2. Nf3 g6 3. c4 Bg7 4. Nc3 d5 5. Bf4 0-0 6. e3 c5 7. dxc5 Qa5 8. Rc1 dxc4 9. Bxc4 Qxc5 10. Bb3 Nc6 11. 0-0 Qa5 12. h3 Bf5 13. Qe2 Ne4 14. Nd5 e5 15. Bh2 Be6 16. Rfd1 Rfd8 17. Qc4 Nf6 18. e4 Rac8 19. Ng5 Nd4 20. Ne7+ Kf8 21. Nxe6+ Kxe7 22. Nxd8 Rxc4 23. Bxc4 Nxe4 1/2-1/2

[Event "ST-2011-0-00081"]
[Site "LSS email"]
[Date "2011.03.19"]
[Round "?"]
[White "Bucek, Jiri"]
[Black "Monacell, James P"]
[Result "1/2-1/2"]
[WhiteElo "2444"]
[BlackElo "2436"]
[PlyCount "115"]
[EventDate "2011.01.15"]
[EventType "tourn (corr)"]
[EventRounds "6"]
[EventCountry "GER"]
[SourceTitle "Telechess CBM 149"]
[Source "ChessBase"]
[SourceDate "2012.07.17"]
[SourceVersion "1"]
[SourceVersionDate "2012.07.17"]
[SourceQuality "1"]

1. d4 Nf6 2. Nf3 d5 3. c4 e6 4. g3 dxc4 5. Bg2 a6 6. 0-0 Nc6 7. e3 Bd7 8. Qe2 b5 9. b3 cxb3 10. axb3 Bd6 11. Bb2 0-0 12. Rc1 Nd5 13. Nc3 Qe7 14. Ne4 Rfd8 15. Nc5 Be8 16. Nxa6 Ncb4 17. Nxb4 Nxb4 18. Ne1 Rxa1 19. Bxa1 c5 20. Nf3 Nc6 21. dxc5 Bxc5 22. Qxb5 Ba3 23. Rb1 Nd4 24. Qa5 Ne2+ 25. Kh1 f6 26. Nd4 Nxd4 27. Bxd4 Bb4 28. Qa6 e5 29. Bc3 Bg6 30. Ra1 Bf7 31. Qc6 Qf8 32. Be4 Bxc3 33. Qxc3 Rb8 34. Qd3 h6 35. Bd5 Bxd5+ 36. Qxd5+ Qf7 37. Qc4 Qxc4 38. bxc4 Rb4 39. Ra8+ Kf7 40. Ra7+ Kg6 41. Rc7 f5 42. Kg2 e4 43. h3 h5 44. Rc6+ Kf7 45. g4 hxg4 46. hxg4 fxg4 47. Kg3 Ra4 48. Kxg4 Ra2 49. Kg3 Rc2 50. c5 g5 51. Rc8 Ke7 52. c6 Rc5 53. Kg4 Rc2 54. Rh8 Kf6 55. Kh5 Rc5 56. Rh6+ Kf5 57. Rg6 Rc2 58. Rxg5+ 1/2-1/2

[Event "ST-2011-0-00081"]
[Site "LSS email"]
[Date "2011.03.18"]
[Round "?"]
[White "Monacell, James P"]
[Black "Szabo, Vilmos"]
[Result "0-1"]
[WhiteElo "2436"]
[BlackElo "2404"]
[PlyCount "96"]
[EventDate "2011.01.15"]
[EventType "tourn (corr)"]
[EventRounds "6"]
[EventCountry "GER"]
[SourceTitle "Telechess CBM 149"]
[Source "ChessBase"]
[SourceDate "2012.07.17"]
[SourceVersion "1"]
[SourceVersionDate "2012.07.17"]
[SourceQuality "1"]

1. d4 Nf6 2. c4 e6 3. g3 Be7 4. Bg2 d5 5. Nf3 0-0 6. 0-0 dxc4 7. Qc2 a6 8. Qxc4 b5 9. Qc2 Bb7 10. Bd2 Be4 11. Qc1 c6 12. Rd1 Nbd7 13. Nc3 Bg6 14. Bg5 Rc8 15. a3 h6 16. Bh4 Qc7 17. e4 Bd8 18. e5 Nd5 19. Qd2 N5b6 20. Qf4 Nc4 21. Bxd8 Rfxd8 22. b3 Nxa3 23. Rxa3 b4 24. Raa1 bxc3 25. Rdc1 c2 26. Ne1 Qb6 27. Nxc2 c5 28. d5 Qxb3 29. Ne3 Bd3 30. Nd1 c4 31. Nc3 Nc5 32. d6 Qb8 33. Ra2 f6 34. exf6 Qxd6 35. Qg4 g5 36. Qh5 Qf8 37. Qf3 Qf7 38. Bh3 h5 39. g4 Kh8 40. Re1 Rd4 41. Qe3 Qxf6 42. gxh5 Rh4 43. Ra3 Ne4 44. Nxe4 Rxe4 45. Rxd3 Rxe3 46. Rdxe3 g4 47. Rxe6 Qxe6 48. Rxe6 c3 0-1

[Event "LSS Masters Group A 1st"]
[Site "LSS email"]
[Date "2010.05.30"]
[Round "?"]
[White "Bergmann, Michael"]
[Black "Monacell, James P"]
[Result "1/2-1/2"]
[WhiteElo "2434"]
[BlackElo "2441"]
[PlyCount "97"]
[EventDate "2010.06.02"]
[EventType "tourn (corr)"]
[EventRounds "8"]
[EventCountry "GER"]
[SourceTitle "Telechess CBM 155"]
[Source "ChessBase"]
[SourceDate "2013.07.16"]
[SourceVersion "1"]
[SourceVersionDate "2013.07.16"]
[SourceQuality "1"]

1. e4 e5 2. Nf3 Nc6 3. Bb5 a6 4. Ba4 Nf6 5. 0-0 Be7 6. Re1 b5 7. Bb3 d6 8. c3 0-0 9. h3 Na5 10. Bc2 c5 11. d4 Nd7 12. d5 Nb6 13. Nbd2 g6 14. Qe2 f5 15. b3 Bd7 16. c4 Bf6 17. Bb2 f4 18. Reb1 b4 19. a3 Nb7 20. Ne1 a5 21. Nd3 Qc7 22. Ra2 Be7 23. Nf3 a4 24. axb4 cxb4 25. Nxb4 axb3 26. Bxb3 Rxa2 27. Bxa2 Nc5 28. Nd3 Ra8 29. Ra1 Nba4 30. Nfxe5 dxe5 31. Bxe5 Bd6 32. Bxd6 Qxd6 33. e5 Qf8 34. e6 Be8 35. Nxc5 Nxc5 36. Rd1 Qf6 37. Bb1 Kg7 38. Qd2 Ra4 39. Bd3 Qd4 40. Qe2 Qf6 41. Qe1 Ra2 42. Bf1 Ba4 43. e7 Be8 44. d6 Qb2 45. Bd3 h6 46. Bb1 Ra4 47. Kh2 Rxc4 48. Bxg6 Kxg6 49. d7 1/2-1/2

[Event "LSS Masters Group A 1st"]
[Site "LSS email"]
[Date "2010.05.30"]
[Round "?"]
[White "Pappier, Carlos Guillermo"]
[Black "Monacell, James P"]
[Result "1/2-1/2"]
[WhiteElo "2503"]
[BlackElo "2446"]
[PlyCount "78"]
[EventDate "2010.06.02"]
[EventType "tourn (corr)"]
[EventRounds "8"]
[EventCountry "GER"]
[SourceTitle "Telechess CBM 147"]
[Source "ChessBase"]
[SourceDate "2012.03.16"]
[SourceVersion "1"]
[SourceVersionDate "2012.03.16"]
[SourceQuality "1"]

1. d4 Nf6 2. c4 e6 3. g3 c5 4. d5 exd5 5. cxd5 d6 6. Nc3 g6 7. Bg2 Bg7 8. Nf3 0-0 9. 0-0 a6 10. a4 Nbd7 11. Nd2 Re8 12. h3 Rb8 13. Nc4 Nb6 14. Na3 Bd7 15. e4 Qc7 16. Re1 Nxa4 17. Nxa4 b5 18. Nxc5 Qxc5 19. Be3 Qc8 20. Rc1 Qd8 21. Bd4 Rc8 22. b4 Nh5 23. Nc2 a5 24. bxa5 Qxa5 25. Ra1 Qd8 26. Bxg7 Kxg7 27. Qd2 Qb6 28. Kh2 Rc4 29. Ne3 Ra4 30. Qb2+ Qd4 31. Qxd4+ Rxd4 32. Ra6 b4 33. Rxd6 Ba4 34. Ra6 b3 35. Ra7 Nf6 36. f3 Nd7 37. f4 Nc5 38. e5 Rb8 39. Rb1 Rd3 1/2-1/2

[Event "LSS ST-2009-0-00053"]
[Site "LSS email"]
[Date "2009.07.05"]
[Round "?"]
[White "Monacell, James P"]
[Black "Szczepanski, Zbigniew"]
[Result "1/2-1/2"]
[WhiteElo "2470"]
[BlackElo "2561"]
[PlyCount "39"]
[EventDate "2009.05.21"]
[EventType "tourn (corr)"]
[EventRounds "6"]
[EventCountry "GER"]
[SourceTitle "Telechess CBM 133"]
[Source "ChessBase"]
[SourceDate "2009.11.19"]
[SourceVersion "1"]
[SourceVersionDate "2009.11.19"]
[SourceQuality "1"]

1. d4 Nf6 2. c4 e6 3. Nc3 d5 4. cxd5 exd5 5. Bg5 Be7 6. e3 h6 7. Bh4 0-0 8. Bd3 c6 9. Qc2 Re8 10. Nge2 Nbd7 11. 0-0 Ne4 12. Bxe7 Qxe7 13. Bxe4 dxe4 14. Ng3 Nf6 15. h3 h5 16. f3 exf3 17. Rxf3 h4 18. Nf5 Bxf5 19. Qxf5 Rad8 20. Raf1 1/2-1/2

[Event "LSS ST-2009-0-00050"]
[Site "LSS email"]
[Date "2009.05.29"]
[Round "?"]
[White "Perez, Brigiliano"]
[Black "Monacell, James P"]
[Result "1/2-1/2"]
[WhiteElo "2386"]
[BlackElo "2470"]
[PlyCount "54"]
[EventDate "2009.03.20"]
[EventType "tourn (corr)"]
[EventRounds "6"]
[EventCountry "GER"]
[SourceTitle "Corr 2011"]
[Source "ChessBase"]
[SourceDate "2010.08.31"]
[SourceVersion "1"]
[SourceVersionDate "2010.08.31"]
[SourceQuality "1"]

1. e4 e5 2. Nf3 Nc6 3. Bb5 a6 4. Ba4 Nf6 5. 0-0 Be7 6. Re1 b5 7. Bb3 d6 8. c3 0-0 9. h3 Na5 10. Bc2 c5 11. d4 Nd7 12. Nbd2 exd4 13. cxd4 Nc6 14. d5 Nce5 15. a4 Bb7 16. Nxe5 Nxe5 17. f4 Nd7 18. Nf3 Re8 19. e5 dxe5 20. fxe5 c4 21. Kh2 g6 22. d6 Bf8 23. Bf4 Bg7 24. Kh1 Qc8 25. Ra3 Qc5 26. axb5 axb5 27. Rxa8 Bxa8 1/2-1/2

[Event "LSS WC-2008-F-00001"]
[Site "LSS email"]
[Date "2008.11.12"]
[Round "?"]
[White "Bergmann, Michael"]
[Black "Monacell, James P"]
[Result "1/2-1/2"]
[WhiteElo "2460"]
[BlackElo "2474"]
[PlyCount "52"]
[EventDate "2008.11.12"]
[EventType "tourn (corr)"]
[EventRounds "10"]
[EventCountry "GER"]
[SourceTitle "Telechess CBM 133"]
[Source "ChessBase"]
[SourceDate "2009.11.19"]
[SourceVersion "1"]
[SourceVersionDate "2009.11.19"]
[SourceQuality "1"]

1. e4 c5 2. Nf3 Nc6 3. d4 cxd4 4. Nxd4 Nf6 5. Nc3 e5 6. Ndb5 d6 7. Bg5 a6 8. Na3 b5 9. Bxf6 gxf6 10. Nd5 f5 11. Bd3 Be6 12. 0-0 Bxd5 13. exd5 Ne7 14. Nxb5 Bg7 15. Nc3 e4 16. Bc4 Ng6 17. Qd2 0-0 18. Bb3 Be5 19. f4 Nxf4 20. g3 Bxc3 21. bxc3 Qb6+ 22. Kh1 e3 23. Qe1 Ng6 24. Rxf5 Rac8 25. c4 Qd4 26. Qd1 Qc3 1/2-1/2

[Event "LSS WC-2008-F-00001"]
[Site "LSS email"]
[Date "2008.11.12"]
[Round "?"]
[White "Bonatti, Walter Fabian"]
[Black "Monacell, James P"]
[Result "1/2-1/2"]
[WhiteElo "2424"]
[BlackElo "2470"]
[PlyCount "100"]
[EventDate "2008.11.12"]
[EventType "tourn (corr)"]
[EventRounds "10"]
[EventCountry "GER"]
[SourceTitle "Corr 2011"]
[Source "ChessBase"]
[SourceDate "2010.08.31"]
[SourceVersion "1"]
[SourceVersionDate "2010.08.31"]
[SourceQuality "1"]

1. e4 e5 2. Nf3 Nc6 3. Bb5 a6 4. Ba4 Nf6 5. 0-0 Be7 6. Re1 b5 7. Bb3 d6 8. c3 0-0 9. h3 Na5 10. Bc2 c5 11. d4 Nd7 12. d5 Nb6 13. Nbd2 g6 14. b4 Nb7 15. a4 Nxa4 16. Bxa4 bxa4 17. Qxa4 Bd7 18. Qb3 Qc7 19. Nc4 cxb4 20. cxb4 Rfc8 21. Ne3 a5 22. Bd2 a4 23. Qa2 Nd8 24. Qb1 f6 25. Ra3 Nf7 26. h4 Qb6 27. h5 Ng5 28. Nxg5 fxg5 29. hxg6 hxg6 30. Rc1 Qd4 31. Bc3 Qa7 32. Bd2 Rxc1+ 33. Qxc1 Rf8 34. Nd1 g4 35. Bh6 Rf7 36. Be3 Qb8 37. Qb2 g3 38. fxg3 Bd8 39. Qd2 Qb5 40. Nf2 Bb6 41. Bxb6 Qxb6 42. Rf3 Rxf3 43. gxf3 a3 44. Kg2 Qb5 45. Nh3 Bxh3+ 46. Kxh3 Qf1+ 47. Kh2 Qxf3 48. Qc2 Kg7 49. b5 Qe3 50. Kg2 Kh7 1/2-1/2

[Event "LSS WC-2008-F-00001"]
[Site "LSS email"]
[Date "2008.11.12"]
[Round "?"]
[White "Mantovanelli, Marco"]
[Black "Monacell, James P"]
[Result "0-1"]
[WhiteElo "2457"]
[BlackElo "2450"]
[PlyCount "122"]
[EventDate "2008.11.12"]
[EventType "tourn (corr)"]
[EventRounds "10"]
[EventCountry "GER"]
[SourceTitle "Telechess CBM 137"]
[Source "ChessBase"]
[SourceDate "2010.07.15"]
[SourceVersion "1"]
[SourceVersionDate "2010.07.15"]
[SourceQuality "1"]

1. e4 e5 2. Nf3 Nc6 3. Bb5 a6 4. Ba4 Nf6 5. 0-0 Be7 6. Re1 b5 7. Bb3 d6 8. c3 0-0 9. h3 Na5 10. Bc2 c5 11. d4 Nd7 12. d5 Nb6 13. Nbd2 g6 14. b3 f5 15. a4 Bd7 16. exf5 gxf5 17. b4 cxb4 18. cxb4 Nac4 19. Nxc4 Nxc4 20. axb5 Bxb5 21. Bh6 Rf7 22. Nd2 Nxd2 23. Bxd2 f4 24. Be4 Rg7 25. Bc3 Bh4 26. Qf3 Qg5 27. Kh1 Kh8 28. Rg1 Qh6 29. Ra2 Bd8 30. Rga1 Qg5 31. g3 Bf6 32. Bd2 Qh6 33. Bf5 Rf8 34. Re1 Bg5 35. g4 Qh4 36. Ra3 Bd8 37. Rg1 Bb6 38. Rg2 Bf1 39. Rg1 Rxf5 40. Rxf1 Rf8 41. Qg2 h5 42. Qh2 Qe7 43. f3 Qf7 44. Rd3 Qg6 45. Ra3 hxg4 46. fxg4 Rc8 47. Qe2 Rc2 48. Qe1 Rh7 49. Bxf4 exf4 50. Rxf4 Rhc7 51. Ra1 Kg7 52. Rf3 Qg5 53. Rd1 Rc1 54. h4 Rxd1 55. Qxd1 Qxh4+ 56. Kg2 Qh7 57. Rd3 Qe4+ 58. Kh3 Rf7 59. Rc3 Rf8 60. Qd2 Rh8+ 61. Kg3 Qe5+ 0-1

[Event "LSS WC-2008-F-00001"]
[Site "LSS email"]
[Date "2008.11.12"]
[Round "?"]
[White "Monacell, James P"]
[Black "Petrov, Milen Stoyanov"]
[Result "1/2-1/2"]
[WhiteElo "2461"]
[BlackElo "2660"]
[PlyCount "50"]
[EventDate "2008.11.12"]
[EventType "tourn (corr)"]
[EventRounds "10"]
[EventCountry "GER"]
[SourceTitle "Corr 2011"]
[Source "ChessBase"]
[SourceDate "2010.08.31"]
[SourceVersion "1"]
[SourceVersionDate "2010.08.31"]
[SourceQuality "1"]

1. e4 c5 2. Nf3 d6 3. d4 cxd4 4. Nxd4 Nf6 5. Nc3 Nc6 6. Bg5 e6 7. Qd2 a6 8. 0-0-0 Be7 9. f4 Nxd4 10. Qxd4 b5 11. Be2 Bb7 12. Bf3 0-0 13. Bxf6 Bxf6 14. Qxd6 Qa5 15. e5 Bxf3 16. gxf3 Rad8 17. Qc5 Rc8 18. Qg1 Be7 19. Kb1 Ba3 20. Ne4 Bxb2 21. Kxb2 Qb4+ 22. Kc1 Qa3+ 23. Kb1 Qb4+ 24. Kc1 Qa3+ 25. Kb1 Qb4+ 1/2-1/2

[Event "LSS WC-2008-F-00001"]
[Site "LSS email"]
[Date "2008.11.12"]
[Round "?"]
[White "Monacell, James P"]
[Black "Siefring, Carl L"]
[Result "1/2-1/2"]
[WhiteElo "2465"]
[BlackElo "2429"]
[PlyCount "104"]
[EventDate "2008.11.12"]
[EventType "tourn (corr)"]
[EventRounds "10"]
[EventCountry "GER"]
[SourceTitle "Corr 2011"]
[Source "ChessBase"]
[SourceDate "2010.08.31"]
[SourceVersion "1"]
[SourceVersionDate "2010.08.31"]
[SourceQuality "1"]

1. d4 Nf6 2. c4 g6 3. Nc3 d5 4. Nf3 Bg7 5. Qb3 dxc4 6. Qxc4 0-0 7. e4 a6 8. Be2 b5 9. Qb3 c5 10. dxc5 Bb7 11. 0-0 Nbd7 12. e5 Nd5 13. Nxd5 Nxc5 14. Nxe7+ Qxe7 15. Qa3 Rac8 16. Be3 Bxe5 17. Nxe5 Qxe5 18. Rfd1 Ne6 19. Rd7 Rc2 20. Bd3 Rc7 21. Rxc7 Nxc7 22. Re1 Rc8 23. f3 Ne6 24. Qb4 h5 25. a4 Bc6 26. Bf2 Qd5 27. Bf1 Bd7 28. a5 Rc2 29. Re2 Rxe2 30. Bxe2 Qe5 31. Qd2 Bc6 32. Bf1 Bd5 33. Bg3 Qd4+ 34. Qxd4 Nxd4 35. Be5 Nc6 36. Bc3 Kf8 37. Kf2 Ke7 38. g4 hxg4 39. fxg4 g5 40. Bd3 f6 41. Ke3 Ne5 42. Bf5 Be6 43. h3 Bxf5 44. gxf5 Nc6 45. b4 Ne5 46. Ke4 Kd6 47. Bd4 Nd7 48. Bf2 Kc6 49. h4 gxh4 50. Bxh4 Kd6 51. Bg3+ Kc6 52. Bh4 Kd6 1/2-1/2

[Event "LSS ST-2008-0-00028"]
[Site "LSS email"]
[Date "2008.02.20"]
[Round "?"]
[White "Monacell, James P"]
[Black "Marez, Sebastien"]
[Result "1-0"]
[WhiteElo "2482"]
[BlackElo "2574"]
[PlyCount "53"]
[EventDate "2008.02.19"]
[EventType "tourn (corr)"]
[EventRounds "6"]
[EventCountry "GER"]
[SourceTitle "Corr 2011"]
[Source "ChessBase"]
[SourceDate "2010.08.31"]
[SourceVersion "1"]
[SourceVersionDate "2010.08.31"]
[SourceQuality "1"]

1. d4 d5 2. c4 c6 3. Nf3 Nf6 4. Nc3 e6 5. e3 Nbd7 6. Qc2 Bd6 7. Bd3 0-0 8. 0-0 dxc4 9. Bxc4 a6 10. a4 c5 11. Rd1 cxd4 12. Ne4 Nxe4 13. Qxe4 Qc7 14. Bd3 g6 15. Qh4 Nc5 16. Bc4 Be7 17. Ng5 Bxg5 18. Qxg5 Bd7 19. exd4 Ne4 20. Qe5 Qxc4 21. Bh6 f6 22. Qxe4 Bc6 23. Qg4 Rf7 24. Rac1 Qb3 25. h4 Re8 26. h5 g5 27. Rc5 1-0

[Event "LSS ST-2007-0-00021"]
[Site "LSS email"]
[Date "2007.11.06"]
[Round "?"]
[White "Chorfi, Khaled"]
[Black "Monacell, James P"]
[Result "1/2-1/2"]
[WhiteElo "2445"]
[BlackElo "2465"]
[PlyCount "48"]
[EventDate "2007.10.02"]
[EventType "tourn (corr)"]
[EventRounds "6"]
[EventCountry "GER"]
[SourceTitle "Telechess CBM 135"]
[Source "ChessBase"]
[SourceDate "2010.03.17"]
[SourceVersion "1"]
[SourceVersionDate "2010.03.17"]
[SourceQuality "1"]

1. e4 c5 2. Nf3 Nc6 3. d4 cxd4 4. Nxd4 Nf6 5. Nc3 e5 6. Ndb5 d6 7. Bg5 a6 8. Na3 b5 9. Bxf6 gxf6 10. Nd5 Bg7 11. c3 f5 12. exf5 Bxf5 13. Nc2 Be6 14. Nce3 Ne7 15. g3 Nxd5 16. Nxd5 0-0 17. Bg2 a5 18. 0-0 f5 19. a4 Rb8 20. Qe2 e4 21. Rfd1 b4 22. cxb4 Bxd5 23. Rxd5 Rxb4 24. Rad1 Rxb2 1/2-1/2

[Event "LSS ST-2007-0-00021"]
[Site "LSS email"]
[Date "2007.11.06"]
[Round "?"]
[White "Noire, Eric"]
[Black "Monacell, James P"]
[Result "1/2-1/2"]
[WhiteElo "2466"]
[BlackElo "2465"]
[PlyCount "80"]
[EventDate "2007.10.02"]
[EventType "tourn (corr)"]
[EventRounds "6"]
[EventCountry "GER"]
[SourceTitle "Corr 2011"]
[Source "ChessBase"]
[SourceDate "2010.08.31"]
[SourceVersion "1"]
[SourceVersionDate "2010.08.31"]
[SourceQuality "1"]

1. f4 d5 2. Nf3 g6 3. g3 Bg7 4. Bg2 Nf6 5. 0-0 0-0 6. d3 c5 7. Qe1 Nc6 8. h3 Nd4 9. Nxd4 cxd4 10. Nd2 Bd7 11. Nf3 Qc8 12. Kh2 Qc5 13. Qf2 Rac8 14. b3 Bg4 15. Ne1 h5 16. Kh1 Bd7 17. Bb2 Ne8 18. Nf3 Nd6 19. Bxd4 Qxc2 20. Bxg7 Kxg7 21. Qxa7 Qxe2 22. Qd4+ e5 23. Qxe5+ Qxe5 24. Nxe5 Be6 25. Rf2 Rc3 26. Re1 Nf5 27. Kh2 Nd4 28. Rd1 b5 29. g4 hxg4 30. hxg4 f6 31. Nxg6 Kxg6 32. f5+ Nxf5 33. gxf5+ Bxf5 34. Rg1 Be6 35. Bxd5+ Kf7 36. Bxe6+ Kxe6 37. Rg3 f5 38. Re3+ Kd5 39. Kg3 Kd4 40. Kf4 Rxd3 1/2-1/2